00391nam a2200145Ia 4500008004100000041000800041082001700049100002500066245002200091260002700113365001600140700004000156906003000196999001900226230714s9999 xx 000 0 und d aeng a621.313bKOT aKothari D.P.9126050 aElectric Machines bTata Mc-graw Hill Pub. cRs.b250.00 aKothari D.P. & Nagrath I.J.9185647 dB:47111-Dec-2008cSSb275 c195916d195916